| 000 | 00730nam a22001937a 4500 | ||
|---|---|---|---|
| 999 |
_c62281 _d62281 |
||
| 005 | 20240913120153.0 | ||
| 008 | 240913s2021 enk||||| |||| 00| 0 eng d | ||
| 020 | _a9781498750035x | ||
| 041 | _aeng | ||
| 080 | _a351 H-22 | ||
| 245 |
_aHandbook of Public Administration / _cEdited by W. Bartley Hildreth, Gerald Miller, Evert L Lindquist. |
||
| 264 |
_aNew York _b Routledge, _c2021. |
||
| 300 |
_a334 p.; _b26 cm. |
||
| 653 | _aსაჯარო მმართველობა | ||
| 700 |
_aBartley Hildreth, W. _eრედაქტორი _923213 |
||
| 700 |
_aMiller, Gerald _eრედაქტორი _923214 |
||
| 700 |
_a Lindquist, Evert L _eრედაქტორი _923215 |
||
| 942 |
_2udc _cᲬᲘᲒᲜᲘ |
||